Normal view
MARC view
Entry Nombre de reunión
001 - NÚMERO DE CONTROL
- campo de control: 85493
003 - IDENTIFICADOR DEL NÚMERO DE CONTROL
- campo de control: DO-SdBNP
005 - FECHA Y HORA DE LA ÚLTIMA TRANSACCIÓN
- campo de control: 20240517083310.0
008 - DATOS DE LONGITUD FIJA
- campo de control de longitud fija: 240517|| aca||aabn | a|a d
040 ## - FUENTE DE LA CATALOGACIÓN
- Centro catalogador/agencia de origen: DO-SdBNP
- Centro/agencia transcriptor: DO-SdBNP
111 ## - ENCABEZAMIENTO--NOMBRE DE CONGRESO/REUNIÓN
- Nombre de congreso/reunión o jurisdicción como elemento de entrada: Concurso de Arte Eduardo León Jiménez
- Número del congreso/reunión o número de parte o sección: (XXIV:
- Fecha del congreso/reunión: 2012:
- Sede del congreso/Lugar de la reunión: Sanitago de los Caballeros, República Dominicana.)
670 ## - FUENTE DE DATOS ENCONTRADOS
- Cita de la fuente: Work cat.: (DO-SdBNP)52971: Concurso de Arte Eduardo León Jiménez (XXIV: 2012: Sanitago de los Caballeros, República Dominicana.), Veinticuatro:
